The Psychologist and the Foreign-Language Teacher
Guardado en:
| Hovedforfatter: | |
|---|---|
| Format: | Bog |
| Sprog: | Undetermined |
| Udgivet: |
Chicago, Estados Unidos
The University of Chicago Press
1969
|
| Fag: | |
| Tags: |
Tilføj Tag
Ingen Tags, Vær først til at tagge denne postø!
|
MARC
| LEADER | 00000nam a2200000Ia 4500 | ||
|---|---|---|---|
| 008 | 170316s9999 xx 000 0 und d | ||
| 090 | |a 410 R-11p | ||
| 100 | |a Rivers, Wilga M. | ||
| 245 | 4 | |a The Psychologist and the Foreign-Language Teacher | |
| 260 | |a Chicago, Estados Unidos | ||
| 260 | |b The University of Chicago Press | ||
| 260 | |c 1969 | ||
| 300 | |a 212 páginas | ||
| 650 | |a LINGÜÍSTICA | ||
| 999 | |c 18698 |d 18698 | ||
| 040 | |a cru BVZT | ||
| 942 | |c 15 D |h 410 R-11p |2 z | ||
